Foods of St. Louis Quiz Stats

 Plays Quiz not verified by Sporcle

Challenge
Share
Tweet
Embed
Score 0/6 Timer 04:00
0 Plays Today
Hint Food % Correct
think imo'sSt. Louis Style Pizza
80.3%
better than the boiled typeToasted Ravioli
69%
cake's best mistakeGooey Butter Cake
67.6%
ted drewes is the placeConcretes
47.9%
more meat than ribsPork Steaks
31%
brain sandwichSlingers
5.6%

You're not logged in!

Compare scores with friends on all Sporcle quizzes.
OR
Log In

You Might Also Like...

Show Comments

Extras

Top Quizzes Today


Score Distribution

Your Account Isn't Verified!

In order to create a playlist on Sporcle, you need to verify the email address you used during registration. Go to your Sporcle Settings to finish the process.

Report this User

Report this user for behavior that violates our Community Guidelines.

Details: